Online
Catalog
Normal view MARC view

Entry Nombre geográfico

Number of records used in: 2

001 - NÚMERO DE CONTROL

  • campo de control: 45192

003 - IDENTIFICADOR DEL NÚMERO DE CONTROL

  • campo de control: OSt

005 - FECHA Y HORA DE LA ÚLTIMA TRANSACCIÓN

  • campo de control: 20200615034046.0

008 - DATOS DE LONGITUD FIJA

  • campo de control de longitud fija: 200615|| aca||aabn | a|a d

040 ## - FUENTE DE LA CATALOGACIÓN

  • Centro catalogador/agencia de origen: OSt
  • Centro/agencia transcriptor: OSt

151 ## - ENCABEZAMIENTO--NOMBRE GEOGRÁFICO

  • Nombre geográfico: ESPAÑA
  • Subdivisión general: POLÍTICA ECONÓMICA

670 ## - FUENTE DE DATOS ENCONTRADOS

  • Cita de la fuente: Work cat.: (OSt)21243: Gramsci, Antonio. 1891-1937 5232, Política y sociedad /, 1977.

Powered by Koha